| 000 | 00367 a2200145 4500 | ||
|---|---|---|---|
| 040 | _aDLC | ||
| 082 | _a808.8 | ||
| 100 | _a Irfan A. Amtiazi | ||
| 245 |
_aIqsaam e Tehreer _cIrfan A. Amtiazi |
||
| 260 |
_aIslamabad: _bMuqtadara Qomi Zuban, _c1987. |
||
| 300 |
_a83 p. ; _c24 cm. |
||
| 500 | _aIncludes Index | ||
| 650 | _aTechnical Writing | ||
| 942 |
_cBK _k808.8 IMT _2ddc |
||
| 999 |
_c4990 _d4990 |
||